UBT Library

The problem of anxiety; (Record no. 43413)

000 -LEADER
fixed length control field 00503cam a2200205u 4500
001 - CONTROL NUMBER
control field 6432102
005 - DATE AND TIME OF LATEST TRANSACTION
control field 20180226041055.0
008 - FIXED-LENGTH DATA ELEMENTS--GENERAL INFORMATION
fixed length control field 830217s1936 nyu 000 0 eng
010 ## - LIBRARY OF CONGRESS CONTROL NUMBER
LC control number 37027065
040 ## - CATALOGING SOURCE
Original cataloging agency DLC
Transcribing agency CarP
Modifying agency DLC
041 ## - LANGUAGE CODE
Language code of text/sound track or separate title eng
080 ## - UNIVERSAL DECIMAL CLASSIFICATION NUMBER
Universal Decimal Classification number 159.9 FRE
082 ## - DEWEY DECIMAL CLASSIFICATION NUMBER
Classification number 159.9 FRE
100 1# - Rafti
Rafti 49
101 ## - Shkurtesa
Shkurtesa PSI
240 10 - UNIFORM TITLE
Uniform title <a href="Hemmung, symptom, und angst.">Hemmung, symptom, und angst.</a>
Language of a work English
245 14 - TITLE STATEMENT
Title The problem of anxiety;
906 ## - LOCAL DATA ELEMENT F, LDF (RLIN)
a 0
b cbc
c premunv
d u
e ncip
f 19
g y-gencatlg
942 ## - ADDED ENTRY ELEMENTS (KOHA)
Source of classification or shelving scheme
Item type Books
Holdings
Withdrawn status Lost status Source of classification or shelving scheme Damaged status Not for loan Collection code Permanent location Current location Shelving location Date acquired Total Checkouts Full call number Barcode Date last seen Price effective from Koha item type
          Koleksioni i përgjithshem UBT - Lipjan UBT - Lipjan Koleksioni i përgjithshem 02/26/2018   159.9 FRE 002-2999514 02/26/2018 02/26/2018 Books
UBT Library © 2015-2024. All rights reserved University Education for Business and Technology